| 000 | 00435nam a22001697a 4500 | ||
|---|---|---|---|
| 003 | OSt | ||
| 005 | 20160527114510.0 | ||
| 008 | 160527b xxu||||| |||| 00| 0 eng d | ||
| 020 | _a0-534-40758-7 | ||
| 040 | _cN/A | ||
| 050 |
_aQA303.2 _b.T34 2005 |
||
| 100 | _aTan S. T. | ||
| 245 | _aApplied Calculus; for the Managerial, Life, and Social Sciences | ||
| 250 | _a6th ed | ||
| 260 |
_bThomson/Brooks/Cole _c2005 |
||
| 942 |
_2lcc _cBK |
||
| 999 |
_c254171 _d254170 |
||